Dc's legend of tomorrow : Personnage - Statistiques

Statistiques générales
  • Ce quiz a été pris 12 fois
  • Le résultat moyen est 15 sur 33
Statistiques - réponses
Réponse % Correct
Leonard Snart / Captain Cold
86%
Ray Palmer / The Atom
86%
Sara Lance / Canary
86%
Carter Hall / Hawkman
71%
Damien Darhk
71%
Kendra Saunders / Hawkgirl
71%
Mick Rory / Heat Wave
71%
Nora Darhk
71%
Professeur Martin Stein / Firestorm
71%
Rip Hunter
71%
Amaya Jiwe / Vixen / Charlie
57%
Ava Sharpe
57%
Eobard Thawne / Nega-Flash
57%
Jefferson Jackson / Firestorm
57%
Nathaniel Heywood / Commander Steel
57%
Wally West / Kid Flash
57%
Astra
43%
Barry Allen / Flash
43%
Gideon
43%
John Constantine
43%
Oliver Queen/ Green arrow
43%
Vandal Savage
43%
Zari Tomaz
43%
Gary Green
29%
Kara zor-el / Supergirl
29%
Bishop
14%
Esperanza Cruz
14%
Malcolm Merlyn
14%
Malus
14%
Néron
14%
Mona Wu
0%
Kayla
0%
Quentin Turnbull
0%
Aucun quiz correspondant
Distribution des résultats
% des personnes avec chaque résultat
Percentile par nombre de réponses
Votre historique - résultats
Vous n’avez pas pris ce quiz